000 00553nam a22001817a 4500
005 20250624165445.0
010 _aENG-145510
020 _a9788126053636
_c115.00
035 _aEN-129042
037 _bDBAD
082 _21
_a370
245 _aMethodology In Translating Pre Modern Texts/
_cedited by C. Naganna
260 _aNew Delhi
_bSahitya Akademi
_c2017
270 _aRabindra Bhavan, 35, Ferozshah Road
_bNew Delhi
_e110001
300 _a112p.
_c21cm(pb)
700 _aC. Naganna
_eEditor
_982312
942 _2ddc
_cEN
_mMET
_h370
999 _c211936
_d211936